| 000 | 00657nam a2200133Ia 4500 | ||
|---|---|---|---|
| 008 | 220615s9999||||xx |||||||||||||| ||und|| | ||
| 022 | _a18645933 | ||
| 100 | _aPollnow, Stefan | ||
| 245 | 0 | _aCharacterizing Cardiac Electrophysiology during Radiofrequency Ablation : An Integrative Ex vivo, In silico, and In vivo Approach | |
| 546 | _aEnglish[eng] | ||
| 650 | _aAkute Ablationsläsionen||electrophysiology||Computermodell||intracardiac electrograms||Intrakardiale Elektrogramme||Elektrophysiologie||computational modeling||ex vivo experiments||Ex vivo Experimente||acute ablation lesions | ||
| 856 | _uhttps://www.ksp.kit.edu/9783731508861 | ||
| 942 | _cEB | ||
| 999 |
_c10084 _d10084 |
||